000 01006nam a22002057a 4500
003 JO-AjAnu
005 20240605115403.0
008 240402b jo ||||| |||| 00| 0 ara d
040 _aJO-AjAnu
_cJO-AjAnu
041 0 _aara
050 _aKMM126
_b2023
100 1 _aفياض، عمر سالم صالح
_965231
245 0 _aأحكام المسؤولية عن حوادث العمل في ضل قانون العمل الاردني = Provisions of Liability for Work Accidents Under the Jordanian Labor Law /
_cاعداد عمر سالم صالح فياض، اشراف منتصر القضاه
260 _c2023
300 _a113ورقة
500 _a رسالة جامعية (ماجستير) .- جامعة عجلون الوطنية (عجلون، الأردن)، كلية الحقوق ، تخصص القانون، 2023
650 7 0 _aعمل وعمال - قوانين وتشريعات - الاردن
_965234
700 1 _aالقضاة، منتصر
_964973
_eمشرف
942 _2lcc
_cTHS
_n0
999 _c33392
_d33392